Lyrics to 'Someone I Used to Know' by Morat - Statistics

General Stats
  • This quiz has been taken 41 times
  • The average score is 120 of 316
Answer Stats
Answer % Correct
I
92%
no
83%
to
83%
a
75%
of
75%
me
67%
then
67%
Then
67%
And
58%
and
58%
know
58%
the
58%
Y
58%
Yo
58%
you
58%
You
58%
But
50%
don't
50%
Just
50%
that
50%
That
50%
used
50%
I'm
42%
not
42%
someone
42%
when
42%
your
42%
does
33%
feels
33%
For
33%
in
33%
like
33%
lo
33%
make
33%
nothing
33%
Oh
33%
still
33%
too
33%
afraid
25%
break
25%
Break
25%
cliché
25%
couldn't
25%
dumb
25%
friends
25%
go
25%
God
25%
heart
25%
is
25%
it
25%
love
25%
new
25%
part
25%
right
25%
Say
25%
25%
sin
25%
soon
25%
sounding
25%
speak
25%
swear
25%
there's
25%
thought
25%
Truth
25%
up
25%
wait
25%
wanna
25%
with
25%
ahora
17%
años
17%
at
17%
becoming
17%
borrar
17%
cabeza
17%
cada
17%
caída
17%
cajón
17%
canción
17%
cobraron
17%
Dañar
17%
de
17%
De
17%
duele
17%
en
17%
end
17%
error
17%
everything
17%
exactly
17%
Fall
17%
feeling
17%
fights
17%
Find
17%
forget
17%
fotos
17%
had
17%
Half
17%
If
17%
it's
17%
la
17%
lead
17%
Llenar
17%
Los
17%
lose
17%
losing
17%
luego
17%
maybe
17%
meaning
17%
Mess
17%
mi
17%
niego
17%
olvidar
17%
olvidé
17%
other
17%
otra
17%
otro
17%
Oye
17%
para
17%
peor
17%
Pero
17%
piensa
17%
por
17%
que
17%
querer
17%
quiero
17%
recuerdos
17%
saber
17%
same
17%
should've
17%
solo
17%
sorry
17%
stake?
17%
stake
17%
story
17%
take
17%
Tell
17%
tell
17%
temerle
17%
this
17%
those
17%
through
17%
Tomar
17%
toque
17%
tu
17%
vida
17%
volar
17%
way
17%
what's
17%
why
17%
word
17%
words
17%
bien
8%
guardar
8%
No matching quizzes found
Score Distribution
Percent of People with Each Score
Percentile by Number Answered
Your Score History
You have not taken this quiz